000
00313nam a22001337a 4500
008
230829b ||||| |||| 00| 0 eng d
041
_a
eng
080
_a
7
082
_a
7
100
_a
19
101
_a
ART
245
_a
PARADISE LOST OAINTINGS ON PAPER FROM 1940s AND 1950s
_c
CLIFFORD ODETS
942
_2
udc
_c
BK
999
_c
60204
_d
60204